| 000 | 00723nam a22002057a 4500 | ||
|---|---|---|---|
| 003 | UA-OsUOA | ||
| 001 | 6971 | ||
| 007 | ta | ||
| 008 | 20031118b un ||||| |||| 00| 0 ukr d | ||
| 090 | _bК12 | ||
| 942 | _cSA | ||
| 040 |
_aUA-OsUOA _bukr _cUA-OsUOA _dUA-OsUOA |
||
| 245 |
_aПро затвердження Державної програми забезпеченння пзитивного міжнародного іміджу України на 2003-2006 роки _bПостанова від 15жовтня 203 року №1610 _cКабінет Міністрів України |
||
| 300 | _aС.24-36 | ||
| 955 | _a0 | ||
| 041 | _aukr | ||
| 044 | _aUA | ||
| 773 | 0 | _w0 | |
| 650 | 7 |
_aВиконавча влада _2UDC |
|
| 999 |
_c293132 _d293132 |
||